000 00502nam a2200181Ia 4500
001 24662
005 20260414151058.0
008 260414t2010||||xx |||||||||||||| ||spa||
041 _aESP
082 _a345.721
_bL89
100 _aLorca Navarrete, Antonio María
_eAUT
245 0 _aLa garantía de los sujetos del arbitraje y su jurisprudencia :
_blas partes y los árbitros
260 _c2010
300 _a127 páginas :
_c24 cm.
650 _aDER
654 _aCDE
942 _cLIB
_dJUS
_fJUS
_2ddc
_n
999 _c24662
_d24662